Maggior numero di Secondi posti in Formula 1 - Statistics

Statistiche generali
  • Questo quiz è stato fatto 63 volte
  • Il punteggio medio è 9 su 10
Statistiche sulle risposte
Nazione Secondi posti Pilota % Corretto
Spagna 40 Fernando Alonso
98%
Paesi Bassi 28 Max Verstappen
95%
Francia 35 Alain Prost
93%
Regno Unito 55 Lewis Hamilton
93%
Finlandia 37 Kimi Räikkönen
92%
Germania 43 Michael Schumacher
92%
Germania 36 Sebastian Vettel
90%
Finlandia 29 Valtteri Bottas
85%
Brasile 29 Rubens Barrichello
72%
Regno Unito 26 David Coulthard
47%
Nessun quiz corrispondente trovato
Distribuzione punteggi
Percentuale di utenti per punteggio
Percentile per numero di risposta
I tuoi punteggi nel tempo
Non hai fatto questo quiz